000 00583nam a22002417a 4500
003 UA-OsUOA
001 26578
007 ta
008 20040607b un ||||| |||| 00| 0 ukr d
100 _aВольф К.Ф.
090 _a571
_bВ72
942 _cBK
040 _aUA-OsUOA
_brus
_cUA-OsUOA
_dUA-OsUOA
245 _aТеория Зарождения
300 _a630 с.
955 _a0
041 _arus
080 _a571
260 _aМосква
_bИздательство Академии Наук СССР
_c1950
044 _aRU
650 7 _2UDC
999 _c312903
_d312903